000 00519nam a22001817a 4500
001 T027600006949
008 181111b xve|||||r|||| 00| | esp d
099 _aIVP-D-03485
_b
100 _aCORPOANDES
245 _aCorporación de Desarrollo de los Andes (CORPOANDES). Evolución Histórica.
260 _a
500 _aFotocopiado
650 _aInstituciones Públicas--Descripción--CORPOANDES
650 _aInstituciones Públicas--Evaluación
650 _aVenezuela.
650 _aEspañol.
942 _cLIB
999 _c8077
_d8077